[Event "Challenge"]
[Site "http://www.queenalice.com/game.php?id=756097"]
[Date "2010.4.4"]
[Round "-"]
[White "brucce"]
[Black "Arianna"]
[Result "0-1"]
[WhiteElo "1052"]
[BlackElo "1357"]

1. e4 e5 2. d3 Qf6 3. Nf3 Qd8 4. Na3 d6 5. b3 Be6 6. Nd4 Bd7 7. Qf3 Nc6 8. Ndb5
Nf6 9. Qe3 a6 10. Nc3 Nb4 11. Kd2 Bg4 12. f3 Be6 13. f4 Ng4 14. Qh3 Be7 15. f5
Nf2 16. Qg3 Nxh1 17. Qxg7 Bf6 18. Qg4 c5 19. fxe6 fxe6 20. Qxe6+ Qe7 21. Qf5 h6
22. Nd5 Nxd5 23. Qh5+ Qf7 24. Qf3 Nb4 25. Qf5 b5 26. c3 Nc6 27. d4 exd4 28. e5
Nxe5 29. Qe4 Bg5+ 30. Kc2 Rc8 31. Bxg5 Qf2+ 32. Qe2 hxg5 33. cxd4 Qf5+ 34. Kc3
b4+ 35. Kb2 cxd4 36. Qxa6 Qf2+ 37. Kb1 Qxf1+ 38. Kb2 Qxg2+ 39. Nc2 Rxc2+ 40. Kb1
d3 41. Qb5+ Ke7 42. Qb7+ Qxb7 43. h3 Qg2 44. h4 Qg1# 0-1

[Event "Challenge"]
[Site "http://www.queenalice.com/game.php?id=766597"]
[Date "2010.4.26"]
[Round "-"]
[White "xadrezrobocop2010"]
[Black "brucce"]
[Result "1-0"]
[WhiteElo "1355"]
[BlackElo "1062"]

1. e4 e5 2. Nf3 d5 3. exd5 Qxd5 4. Nc3 Qd6 5. Be2 Qg6 6. g3 e4 7. Nh4 Qd6 8.
Nxe4 f6 9. Nxd6+ cxd6 10. Bh5+ g6 11. Qe2+ Kf7 12. Qc4+ Ke7 13. Qc7+ Bd7 14.
Bxg6 hxg6 15. Nxg6+ Kf7 16. Nxh8+ Ke7 17. Ng6+ Ke6 18. Nxf8+ Kf7 19. Nxd7 Nxd7
20. Qxd7+ Ne7 21. Qxb7 Rf8 22. d4 Rc8 23. Qxc8 Nxc8 24. O-O Nb6 25. b3 Nd5 26.
c4 Nb4 27. Bb2 Nc2 28. Rac1 Nb4 29. a3 Na2 30. Ra1 Nb4 31. axb4 a6 32. Rxa6 Kg6
33. Rxd6 Kg7 34. d5 Kg6 35. Rxf6+ Kg5 36. Re1 Kh5 37. Re5+ Kg4 38. d6 Kh3 39. f4
Kg4 40. Rg5+ Kh3 41. Rh6# 1-0

[Event "Challenge"]
[Site "http://www.queenalice.com/game.php?id=775524"]
[Date "2010.5.14"]
[Round "-"]
[White "claudius46"]
[Black "brucce"]
[Result "1-0"]
[WhiteElo "1216"]
[BlackElo "1067"]

1. e4 e5 2. Bc4 Bc5 3. Qf3 Nf6 4. Nh3 d5 5. exd5 Qd7 6. Nc3 Na6 7. Ng5 h6 8.
Nge4 Nxe4 9. Nxe4 f5 10. Ng3 f4 11. O-O fxg3 12. Qh5+ Ke7 13. hxg3 Nb4 14. Qg6
b5 15. Qxg7+ Kd6 16. Qxh8 bxc4 17. b3 Nxc2 18. Rb1 cxb3 19. axb3 Bb7 20. Qf6+
Qe6 21. Qxe6# 1-0

[Event "Challenge"]
[Site "http://www.queenalice.com/game.php?id=775525"]
[Date "2010.5.14"]
[Round "-"]
[White "brucce"]
[Black "claudius46"]
[Result "0-1"]
[WhiteElo "1057"]
[BlackElo "1328"]

1. d4 d5 2. e3 Nc6 3. Qd3 Bg4 4. Qb3 Qd6 5. Qxb7 Rb8 6. Qxb8+ Nxb8 7. Bb5+ c6 8.
Ba4 Qb4+ 9. c3 Qxa4 10. b3 Qa6 11. h3 Bh5 12. g4 Bg6 13. Nf3 e6 14. Ne5 Bxb1 15.
Rxb1 f6 16. Nc4 Qxa2 17. Rb2 Qa1 18. f4 Qxc1+ 19. Ke2 Qxh1 20. Ra2 Qh2+ 21. Kd3
Qxa2 22. Nd6+ Bxd6 23. e4 Qxb3 24. exd5 Bb4 25. dxe6 Qxc3+ 26. Ke4 Qe1+ 27. Kd3
Qxe6 28. f5 Qd6 29. Kc4 Na6 30. Kd3 Qg3+ 31. Kc4 Qc3# 0-1

[Event "Challenge"]
[Site "http://www.queenalice.com/game.php?id=785120"]
[Date "2010.6.3"]
[Round "-"]
[White "brucce"]
[Black "carlossaavedra"]
[Result "0-1"]
[WhiteElo "1048"]
[BlackElo "1496"]

1. d4 Nf6 2. e4 Nxe4 3. f3 Nf6 4. Nc3 c6 5. Bf4 d5 6. Nh3 Bxh3 7. gxh3 e6 8.
Bxb8 Rxb8 9. Rg1 g6 10. b4 Bxb4 11. Qd3 Qd6 12. Ke2 Qxh2+ 0-1

[Event "Challenge"]
[Site "http://www.queenalice.com/game.php?id=806085"]
[Date "2010.7.20"]
[Round "-"]
[White "power2010"]
[Black "brucce"]
[Result "1-0"]
[WhiteElo "1902"]
[BlackElo "1062"]

1. Nf3 e5 2. Nxe5 d6 3. Nf3 c6 4. g3 Nh6 5. d4 Na6 6. Bg2 Qf6 7. O-O Nb4 8. a3
Nd5 9. e4 Nb6 10. Bg5 Qg6 11. Nc3 d5 12. exd5 Nxd5 13. Re1+ Kd7 14. Ne5+ Kd6 15.
Nxg6 hxg6 16. Nxd5 cxd5 17. Qe2 Ng4 18. h3 Nf6 19. Qe5+ Kc6 20. Bxf6 gxf6 21.
Qxd5+ Kc7 22. Qxf7+ Bd7 23. c4 Re8 24. Rxe8 a5 25. Rxf8 Rxf8 26. Qxf8 Bc6 27.
Bxc6 bxc6 28. Re1 Kb6 29. Qc5+ Kc7 30. Re7+ Kc8 31. Qxc6+ Kb8 32. Qb7# 1-0

[Event "Challenge"]
[Site "http://www.queenalice.com/game.php?id=810487"]
[Date "2010.7.29"]
[Round "-"]
[White "Eliasz"]
[Black "brucce"]
[Result "1-0"]
[WhiteElo "1586"]
[BlackElo "1064"]

1. e4 e5 2. Nf3 Nf6 3. d4 exd4 4. e5 Nd5 5. Nxd4 Nc6 6. Nxc6 dxc6 7. Bc4 Nb4 8.
Qxd8+ Kxd8 9. Bb3 Bf5 10. Na3 Bxc2 11. Nxc2 h5 12. Nxb4 Bxb4+ 13. Bd2 Bxd2+ 14.
Kxd2 Rh6 15. Bxf7 1-0

[Event "Challenge"]
[Site "http://www.queenalice.com/game.php?id=827585"]
[Date "2010.9.4"]
[Round "-"]
[White "brucce"]
[Black "FC"]
[Result "0-1"]
[WhiteElo "1058"]
[BlackElo "1405"]

1. e4 e5 2. Qf3 Bc5 3. Bc4 Nf6 4. d3 d6 5. Qg3 Nh5 6. Qf3 Nf4 7. Bxf4 exf4 8.
Qxf4 f6 9. Qg4 Bxg4 10. f3 Bh5 11. Na3 Nc6 12. Bb5 Bb4+ 13. c3 Bxa3 14. bxa3 O-O
15. Bc4+ Kh8 16. Rb1 Ne5 17. Bd5 Nxd3+ 18. Kd2 Nf2 19. Rxb7 Nxh1 0-1

[Event "Challenge"]
[Site "http://www.queenalice.com/game.php?id=840345"]
[Date "2010.10.1"]
[Round "-"]
[White "brucce"]
[Black "palergiuseppe"]
[Result "1-0"]
[WhiteElo "1052"]
[BlackElo "1199"]

1. e4 e5 2. d3 d6 3. Qf3 Nf6 4. Nh3 Be6 5. Ng5 h6 6. Nxe6 Qe7 7. Nxf8 Qxf8 8.
Qf5 Nbd7 9. d4 O-O-O 10. Bb5 Kb8 11. dxe5 Qe7 12. Nc3 Nxe5 13. f4 Ng6 14. O-O
Qxe4 15. Nxe4 d5 16. Rd1 dxe4 17. Rxd8+ Rxd8 18. Be3 Ne7 19. Qc5 b6 20. Qa3 Ned5
21. Qa6 Nb4 22. Qa3 Nxc2 23. Qa6 Nxa1 24. Bc6 Rd1+ 25. Kf2 Nd7 26. Qb7# 1-0

[Event "Challenge"]
[Site "http://www.queenalice.com/game.php?id=840971"]
[Date "2010.10.2"]
[Round "-"]
[White "blackwolf"]
[Black "brucce"]
[Result "1-0"]
[WhiteElo "1918"]
[BlackElo "1054"]

1. d4 d5 2. c4 dxc4 3. Nf3 e6 4. e3 c6 5. Bxc4 b5 6. Bb3 b4 7. O-O Qf6 8. a3
bxa3 9. Nxa3 Ba6 10. Re1 c5 11. Ba4+ Kd8 12. e4 cxd4 13. Be3 Kc7 14. Bxd4 Qf4
15. Rc1+ Kd6 16. Be3+ Ke7 17. Bxf4 Nc6 18. Bd6+ Ke8 19. Bxc6+ Kd8 20. Bxa8 Bxd6
21. e5 Ke7 22. Qxd6+ Ke8 23. Bc6# 1-0

[Event "Challenge"]
[Site "http://www.queenalice.com/game.php?id=840972"]
[Date "2010.10.2"]
[Round "-"]
[White "brucce"]
[Black "blackwolf"]
[Result "0-1"]
[WhiteElo "1056"]
[BlackElo "1916"]

1. d4 Nf6 2. e4 Nxe4 3. Qf3 d5 4. Bb5+ c6 5. Ba4 e6 6. c4 Bb4+ 7. Ke2 O-O 8.
cxd5 exd5 9. a3 Ba5 10. Bf4 g6 11. Nh3 Re8 12. Ng5 Nxg5+ 13. Qe3 Rxe3+ 14. Bxe3
Bf5 15. h4 Ne4 16. g4 Bxg4+ 17. f3 Ng3+ 18. Kd3 Bf5# 0-1

[Event "brucce"]
[Site "http://www.queenalice.com/game.php?id=915431"]
[Date "2011.3.21"]
[Round "-"]
[White "jhonatansouza"]
[Black "brucce"]
[Result "1-0"]
[WhiteElo "1437"]
[BlackElo "1116"]

1. e4 e5 2. Nf3 d5 3. c4 dxe4 4. Nxe5 Qf6 5. Ng4 Qf5 6. Ne3 Qf4 7. Nd5 Qd6 8.
Nbc3 Qc5 9. Nxe4 Qa5 10. b4 Qa6 11. c5 Qc6 12. Bb5 Qxb5 13. Nec3 Qd7 14. O-O c6
15. Re1+ Be7 16. Ne3 Qd4 17. Bb2 Na6 18. a3 Nh6 19. Na4 Qh4 20. Bxg7 Rg8 21. Bc3
b5 22. Qf3 Bg5 23. Nf5+ Kf8 24. Nd6 Rg6 25. Re8# 1-0

[Event "Challenge"]
[Site "http://www.queenalice.com/game.php?id=936957"]
[Date "2011.5.11"]
[Round "-"]
[White "brucce"]
[Black "FENIX_RJ"]
[Result "0-1"]
[WhiteElo "1109"]
[BlackElo "1496"]

1. d4 d5 2. e3 Nf6 3. Nf3 Bf5 4. Ng5 Bg4 5. Nf3 e5 6. h3 h5 7. hxg4 e4 8. Ne5 g6
9. Bb5+ c6 10. Ba4 b5 11. Bb3 Bb4+ 12. c3 Ba5 13. Bd2 Nbd7 14. gxh5 gxh5 15.
Nxc6 Qc7 16. Nxa5 Qxa5 17. c4 b4 18. Rh4 Ng4 19. f3 Qd8 20. fxg4 Qxh4+ 21. Ke2
Qxg4+ 22. Ke1 Qxg2 23. Qe2 Qg3+ 24. Qf2 h4 25. Qxg3 hxg3 26. Ba4 a5 27. a3 g2
28. cxd5 g1=Q+ 29. Ke2 Rh2# 0-1

[Event "Challenge"]
[Site "http://www.queenalice.com/game.php?id=947719"]
[Date "2011.6.9"]
[Round "-"]
[White "edemarc"]
[Black "brucce"]
[Result "1-0"]
[WhiteElo "1658"]
[BlackElo "1113"]

1. e4 e5 2. Nf3 d6 3. Nc3 Nh6 4. d3 Nc6 5. Bg5 f6 6. Bd2 Bg4 7. Nd5 Nd4 8. c3 c5
9. cxd4 exd4 10. h3 Bh5 11. Qb3 Qd7 12. Be2 Qc6 13. g4 Bg6 14. Nf4 1-0